| 000 | 00781nam a22002537a 4500 | ||
|---|---|---|---|
| 005 | 20170123162336.0 | ||
| 010 | _a693786 | ||
| 020 | _c75.00 | ||
| 035 | _a693786 | ||
| 037 | _bCen Lib/Ret | ||
| 040 |
_aDPL _bUR |
||
| 082 |
_a842 _bس ا گ |
||
| 100 |
_aساگر سرحدی _9139031 |
||
| 245 |
_aتنہایی : _cساگر سرحدی _bڈرامے / |
||
| 246 |
_aTanhayi : drame / _bby Sagar Sarhadi |
||
| 260 |
_aنیی دہلی _bنیی آواز _c1973 |
||
| 270 |
_bنیی دہلی _aجامہ نگر _e110025 |
||
| 300 |
_a104p. _c21cm(Hb) |
||
| 650 |
_aادب -- اردو _9139032 |
||
| 650 |
_aاردو ڈرامے _9139033 |
||
| 650 |
_aLiterature -- urdu _9139034 |
||
| 650 |
_aUrdu drame _9139035 |
||
| 942 |
_2ddc _cUR _h921 _mس ا گ |
||
| 999 |
_c108180 _d108180 |
||